Logo BPK

Biblioteka

Politechniki Koszalińskiej

Lessing : (Rekord nr 50620)

Szczegóły MARC
000 -ETYKIETA REKORDU
podpole kontrolne o stałej długości 00637nam a2200205 i 4500
001 - NUMER KONTROLNY REKORDU
pole kontrolne bgj
040 ## - ŹRÓDŁO KATALOGOWANIA
Instytucja, która utworzyła rekord BPK
041 0# - KOD JĘZYKA
Kod języka tekstu ger
044 ## - KOD KRAJU WYDAWCY/PRODUCENTA
Kod kraju wydawcy/producenta DEU
080 ## - UNIWERSALNA KLASYFIKACJA DZIESIĘTNA - UKD
UKD 821.112.2
008 - POLE O STAŁEJ DŁUGOŚCI - DANE KONTROLNE
podpole kontrolne o stałej długości s gw f |000 0 ger
100 1# - NAZWA OSOBOWA
Nazwa osobowa LESSING, Johann Gottfried.
245 10 - TYTUŁ/ODPOWIEDZIALNOŚĆ
Tytuł Lessing :
Ciąg dalszy tytułu ein Lesebuch für unsere Zeit /
Pozostałe elementy strefy tytułu i oznaczenia odpowiedzialności Johan Gottfried Lessing ; [hrsg.] von Walther Victor.
246 10 - WARIANT TYTUŁU
Tytuł Lessing, Goethe, Heine :
Ciąg dalszy tytułu Lesebücher für unsere Zeit.
260 ## - STREFA ADRESU WYDAWNICZEGO
Miejsce wydania Erfurt :
Nazwa wydawcy/dystrybutora Thüringer Volksverlag,
Data publikacji, dystrybucji/powstania dokumentu 1951.
300 ## - STREFA OPISU FIZYCZNEGO
Objętość XX, 479 s., [1] k. :
Inne cechy fizyczne il. ;
Rozmiary 20 cm.
650 9# - HASŁO PRZEDMIOTOWE W FORMIE NAZWY OGÓLNEJ LUB JEDNOSTKOWEJ
Nazwa ogólna lub geograficzna Literatura niemiecka
700 1# - HASŁO DODATKOWE - NAZWA OSOBOWA
Nazwa osobowa VICTOR, Walther.
856 ## - LOKALIZACJA I DOSTĘP DO ELEKTRONICZNYCH DOKUMENTÓW ZDALNYCH
Link (URL) http://koha.tu.koszalin.pl/cgi-bin/koha/opac-detail.pl?biblionumber=50620
Tekst linku Katalog online BPK
942 ## - DODATKOWE ELEMENTY (KOHA)
Typ dokumentu Książka
Egzemplarze
Wycofany Status egzemplarza Uszkodzony Dostępność Lokalizacja stała Lokalizacja bieżąca Miejsce przechowywania Sygnatura Kod kreskowy Typ dokumentu
      Tylko na miejscu Biblioteka Politechniki Koszalińskiej Biblioteka Politechniki Koszalińskiej Czytelnia Wydziałowa ul. Kwiatkowskiego 6e N 641 02120041 Książka
© 2023 Biblioteka Politechniki Koszalińskiej :: KOHA